Wszystkie przedmioty szkolne w 4 klasie podstawówki - Statystyki

Ogólne statystyki
  • Ten quiz został rozwiązany 88 razy
  • Średni wynik to 11 z 14
Statystyki odpowiedzi
Wskazówka Odpowiedzi % Poprawnych
Obowiązkowe Język Polski
99%
Obowiązkowe Język Angielski
96%
Obowiązkowe Matematyka
96%
Nieobowiązkowe Religia/Etyka
92%
Obowiązkowe Wychowanie fizyczne
91%
Obowiązkowe Plastyka
86%
Obowiązkowe Przyroda
86%
Obowiązkowe Muzyka
85%
Obowiązkowe Technika
78%
Obowiązkowe Historia
70%
Obowiązkowe Informatyka
62%
Nieobowiązkowe WDŻ
62%
Nieobowiązkowe(w konkretnym przypadku) Język Niemiecki
55%
Obowiązkowe Zajęcia z wychowawcą
41%
Nie znaleziono quizów pasujących do podanych kryteriów
Rozkład punktacji
Procent ludzi z każdym wynikiem
Percentyl według liczby udzielonych odpowiedzi
Twoja historia wyników
Nie rozwiązałeś tego quizu